Statistics for ICC Men's T20I Team Rankings - cricket

Click here to take the quiz!

General Stats

  • This quiz has been taken 9 times
  • The average score is 19 of 25

Answer Stats

RankAnswer% Correct
6Australia
100%
19Canada
100%
1India
100%
4Pakistan
100%
5South Africa
100%
10Afghanistan
89%
8Bangladesh
89%
2England
89%
17Nepal
89%
3New Zealand
89%
16United Arab Emirates
89%
22United States
89%
7West Indies
89%
12Ireland
78%
15Netherlands
78%
20Oman
78%
14Scotland
78%
9Sri Lanka
78%
21Papua New Guinea
67%
11Zimbabwe
67%
13Namibia
56%
18Hong Kong
44%
24Uganda
44%
25Malaysia
33%
23Jersey
11%

Score Distribution

Percentile by Number Answered

Percent of People with Each Score

Your Score History

You have not taken this quiz